|
|
|
|
| LEADER |
00000nam0a2200000 4500 |
| 001 |
142667 |
| 005 |
20231031142829.0 |
| 029 |
1 |
0 |
|a RU
|b 50.2.023-2002
|c Р
|
| 035 |
|
|
|a (RuTPU)RU\TPU\book\154597
|
| 035 |
|
|
|a RU\TPU\book\154565
|
| 090 |
|
|
|a 142667
|
| 100 |
|
|
|a 20080910d2002 k y0rusy50 ca
|
| 101 |
0 |
|
|a rus
|
| 102 |
|
|
|a RU
|
| 105 |
|
|
|a a l 000zy
|
| 200 |
1 |
|
|a Нивелиры. Методики поверки
|e Государственная система обеспечения единства измерений. Рекомендации по метрологии Р 50.2.023-2002
|
| 205 |
|
|
|a Изд. офиц.
|
| 210 |
|
|
|a Москва
|c Госстандарт России
|d 2002
|
| 215 |
|
|
|a 11 с.
|c ил.
|
| 225 |
1 |
|
|a Рекомендации по метрологии
|
| 229 |
|
|
|a Введены в действие Постановлением Госстандарта России от 11 марта 2002 г. № 90-ст. Введены впервые
|
| 610 |
1 |
|
|a рекомендации по метрологии
|
| 610 |
1 |
|
|a метрология
|
| 610 |
1 |
|
|a нивелиры
|
| 610 |
1 |
|
|a поверки
|
| 610 |
1 |
|
|a компараторы
|
| 610 |
1 |
|
|a погрешности измерения
|
| 610 |
1 |
|
|a безопасность
|
| 610 |
1 |
|
|a внешний осмотр
|
| 610 |
1 |
|
|a опробование
|
| 610 |
1 |
|
|a метрологические характеристики
|
| 610 |
1 |
|
|a оформление
|
| 675 |
|
|
|a 621(083)
|v 3
|
| 801 |
|
1 |
|a RU
|b 63413507
|c 20070315
|g PSBO
|
| 801 |
|
2 |
|a RU
|b 63413507
|c 20221207
|g PSBO
|
| 942 |
|
|
|c BK
|